Todos os times com pontuação no Ranking da CBF 2026 - Statistics

Estatísticas Gerais
  • Esse quiz foi jogado 64 vezes
  • A pontuação média é 123 de 235
Estatísticas das Respostas
Hint Resposta % Correto
RJ Flamengo
100%
BA Bahia
98%
SP Corinthians
98%
SP Palmeiras
98%
BA | ES Vitória
98%
AC | BA | CE | +2 others Atlético
96%
PB | RJ | SP Botafogo
96%
MG Cruzeiro
96%
PI | RJ Fluminense
96%
RS Grêmio
96%
RS Internacional
96%
SP Red Bull Bragantino
96%
SP São Paulo
96%
RJ Vasco
96%
CE Fortaleza
94%
SP Santos
94%
PE Sport
94%
MG Athletic
92%
CE Ceará
92%
MT Cuiabá
92%
GO Goiás
92%
MA | RS Juventude
92%
MG | RN América
90%
PR Coritiba
90%
SP Mirassol
90%
AM Amazonas
88%
SC Chapecoense
88%
SC Criciúma
88%
PR Londrina
88%
PR Athletico
85%
AL CSA
85%
PE | RR Náutico
85%
PA Remo
85%
GO Vila Nova
85%
MG Villa Nova
85%
SC Avaí
83%
AL CRB
83%
RS Brasil
81%
SP Ituano
81%
MS | MT | PR Operário
81%
PA Paysandu
81%
SP Ponte Preta
81%
RJ Volta Redonda
81%
RS Caxias
79%
PE | RN | RS Santa Cruz
79%
RN ABC
77%
DF Brasiliense
77%
SP Guarani
77%
RJ | SP Portuguesa
77%
RJ Bangu
75%
SC Figueirense
75%
PR Paraná
73%
MA Sampaio Corrêa
73%
SE Sergipe
73%
MG Tombense
73%
SC Brusque
71%
CE Ferroviário
71%
SC Joinville
71%
SP Santo André
71%
PB Treze
71%
AP | RS Ypiranga
71%
AM Manaus
69%
PR Maringá
69%
RS | SP São José
69%
SP Ferroviária
67%
DF Gama
67%
SP Novorizontino
67%
AC | ES | PR Rio Branco
65%
ES Rio Branco VN
65%
AL ASA
63%
PB Campinense
63%
SE Confiança
63%
MA Moto Club
63%
RJ Boavista
60%
MA Maranhão
60%
RJ Nova Iguaçu
60%
TO Palmas
60%
PE Retrô
58%
PI Altos
56%
SC Barra
56%
BA Juazeirense
56%
MT Luverdense
56%
SP São Bernardo
56%
GO Anápolis
54%
RJ Madureira
54%
RS Novo Hamburgo
54%
PA Tuna Luso
54%
CE Floresta
52%
RS Guarany
52%
TO Tocantinópolis
52%
SP Água Santa
50%
PR Cascavel
50%
CE ICASA
50%
MT Mixto
50%
PI River
50%
MG Uberlândia
50%
GO Aparecidense
48%
GO Goianésia
48%
SP Inter de Limeira
48%
SC Juventus
48%
SC Marcílio Dias
48%
AM Nacional
48%
RO Porto Velho
48%
PE Salgueiro
48%
PA Águia de Marabá
46%
MG Ipatinga
46%
SE Itabaiana
46%
BA Jacuipense
46%
SP São Bento
46%
PB Sousa
46%
TO União
46%
DF | TO Capital
44%
DF Ceilândia
44%
PR Cianorte
44%
SE Lagarto
44%
AP Trem
44%
AL CSE
42%
RN Globo
42%
GO Goiânia
42%
RJ Maricá
42%
SP Oeste
42%
AM | RR São Raimundo
42%
SP XV de Piracicaba
42%
PR Azuriz
40%
BA Bahia de Feira
40%
BA | RO Barcelona
40%
MA Imperatriz
40%
RJ Audax
38%
PE Central
38%
GO CRAC
38%
SP Marília
38%
MG Pouso Alegre
38%
MG Caldense
35%
AC Galvez
35%
CE Maracanã
35%
RS Avenida
33%
GO Goiatuba
33%
CE Iguatu
33%
PI Parnahyba
33%
AM Princesa
33%
RS São Luiz
33%
MG URT
33%
RR GAS
31%
CE Horizonte
31%
ES Nova Venécia
31%
PE Petrolina
31%
PI Picos
31%
ES Real Noroeste
31%
SC Camboriú
27%
SC Concórdia
27%
MG Democrata GV
27%
MG Democrata SL
27%
AM Fast
27%
AC Independência
27%
BA Jequié
27%
AM Manauara
27%
RJ Resende
27%
AC Humaitá
25%
AP Independente
25%
MG Itabirito
25%
BA Itabuna
25%
SP Monte Azul
25%
RN Potiguar
25%
ES Serra
25%
CE Crato
23%
SC Hercílio Luz
23%
RO Ji-Paraná
23%
RJ Olaria
23%
DF Real Brasília
23%
PA Castanhal
21%
MS Costa Rica
21%
AL Murici
21%
AP Oratório
21%
AP Santana
21%
PR São Joseense
21%
MT União Rondonópolis
21%
SP Votuporanguense
21%
PE Afogados
19%
RS Aimoré
19%
PA Cametá
19%
CE Caucaia
19%
CE Pacajus
19%
AL Penedense
19%
ES Porto Vitória
19%
MA Tuntum
19%
SE Falcon
17%
RS Glória
17%
GO Jaraguá
17%
MG Patrocinense
17%
AM Penarol
17%
MA Cordino
15%
MS Dourados
15%
TO Interporto
15%
MT Nova Mutum
15%
SP Portuguesa Santista
15%
MS Águia Negra
13%
MS Aquidauanense
13%
RS Esportivo
13%
GO Grêmio Anápolis
13%
GO Iporá
13%
AC São Francisco
13%
PB Nacional de Patos
8%
PA Paragominas
8%
SC Próspera
8%
PI Quatro de Julho
8%
MT Ação
6%
CE Guarany de Sobral
6%
RJ Pérolas Negras
6%
AL Cruzeiro de Arapiraca
4%
RO Real Desportivo
4%
PB São Paulo Crystal
4%
MG Boa Espoerte
0%
Nenhum quiz correspondente encontrado
Distribuição das Pontuações
Porcentagem de Pessoas com Cada Pontuação
Percentil de Números Respondidos
Sua Pontuação Histórica
Você não jogou esse quiz